| 000 | 01036cam a22002771a 4500 | ||
|---|---|---|---|
| 001 | 16706918 | ||
| 005 | 20160724112147.0 | ||
| 008 | 110325t2011 enk f bl 001 0 eng d | ||
| 020 | _a9789221233022 (ILO) | ||
| 020 | _a9781841134208 (Hart) | ||
| 040 |
_aBTCTA _beng _cBTCTA _dYDXCP _dCDX _dBWX _dGUL _dSUC _dDLC _dEG-ScBUE |
||
| 082 | 0 | 0 |
_a344.01 _bEMP _222 |
| 245 | 0 | 4 |
_aThe employment relationship : _ba comparative overview / _cedited by Giuseppe Casale. |
| 260 |
_aOxford : _bHart Publishing ; _aGeneva : _bInternational Labour Office, _cc.2011. |
||
| 300 |
_axxv, 322 p. ; _c24 cm. |
||
| 500 | _aIndex : p. 296-322. | ||
| 504 | _aBibliography : p. 287-295. | ||
| 650 | 0 |
_aIndustrial relations. _934909 |
|
| 653 |
_bBUSADM _bGGEN _cApril2015 |
||
| 655 |
_vreading book _934232 |
||
| 650 | 0 |
_937619 _aLabor laws and legislation, International |
|
| 700 | 1 |
_aCasale, Giuseppe, _eeditor. _937620 |
|
| 710 | 2 |
_aInternational Labour Office. _937621 |
|
| 710 | 2 |
_aInternational Institute for Labour Studies. _937622 |
|
| 942 |
_2ddc _k344.01 EMP |
||
| 999 |
_c19183 _d19155 |
||